| 000 | 00603nam a2200193 a 4500 | ||
|---|---|---|---|
| 005 | 20210219155140.0 | ||
| 008 | 050527s1997 ag r 000 0 spa d | ||
| 020 | _a9507246843 | ||
| 035 | _aUPN01000139121 | ||
| 049 | _aCG | ||
| 050 | 4 |
_aHV1568 _bA3.2 |
|
| 100 | 1 | _aAguilar Montero, Luis Angel | |
| 245 | 1 | 0 |
_aDiscapacidad e igualdad de oportunidades : _b(propuestas de acción) / _cLuis Angel Aguilar Montero. |
| 260 |
_aBuenos Aires : _bLumen : _bHvmanitas, _c1997. |
||
| 300 | _a59 p. | ||
| 440 | 0 |
_aHvmanitas 2000. _pIntervención social |
|
| 650 | 4 | _aPERSONAS CON DISCAPACIDAD | |
| 905 | _aLibro | ||
| 999 |
_c111269 _d111269 |
||